000 00523nam a2200169 a 4500
005 20140412111250.0
008 000825s19uu xx 00 eng d
020 _a0-920236-16-2
050 _aTR(PS E
_bPa11 1980
100 _aMunsch, Robert
245 _aPaper bag princess (The) /
_cstory by Robert Munsch ; art by Michael Martchenko.
260 _aToronto :
_bAnnick Press Ltd,
_c1996.
300 _a1 v. (unp.) ; ill.
440 _aMunsch for Kids series:
650 _aChildren's stories-Fiction
999 _c103126
_d103126